<?xml version="1.0" encoding="UTF-8"?>
<record
    xmlns:xsi="http://www.w3.org/2001/XMLSchema-instance"
    xsi:schemaLocation="http://www.loc.gov/MARC21/slim http://www.loc.gov/standards/marcxml/schema/MARC21slim.xsd"
    xmlns="http://www.loc.gov/MARC21/slim">

  <leader>00441nam a2200121   4500</leader>
  <controlfield tag="008">707.009 EZ99m</controlfield>
  <datafield tag="082" ind1=" " ind2=" ">
    <subfield code="a">708.009</subfield>
    <subfield code="b">EZ99m</subfield>
  </datafield>
  <datafield tag="100" ind1=" " ind2=" ">
    <subfield code="a">Ezcurra, Mar&#xED;a </subfield>
    <subfield code="9">6923</subfield>
  </datafield>
  <datafield tag="245" ind1=" " ind2=" ">
    <subfield code="a">Me visto, por lo tanto existo </subfield>
  </datafield>
  <datafield tag="260" ind1=" " ind2=" ">
    <subfield code="a">M&#xE9;xico </subfield>
    <subfield code="b">Consejo Nacional para la Cultura y las Artes </subfield>
    <subfield code="c">2007</subfield>
  </datafield>
  <datafield tag="300" ind1=" " ind2=" ">
    <subfield code="a">48 p.</subfield>
    <subfield code="b">ill (col)</subfield>
    <subfield code="c">17 x 17,5 cm </subfield>
  </datafield>
  <datafield tag="650" ind1=" " ind2=" ">
    <subfield code="x">arte contempor&#xE1;nea</subfield>
    <subfield code="x">arte - colecciones art&#xED;sticas</subfield>
    <subfield code="x">arte - cat&#xE1;logo </subfield>
    <subfield code="x">arte - textil </subfield>
    <subfield code="x">M&#xE9;xico </subfield>
    <subfield code="9">6924</subfield>
  </datafield>
  <datafield tag="999" ind1=" " ind2=" ">
    <subfield code="c">1733</subfield>
    <subfield code="d">1733</subfield>
  </datafield>
  <datafield tag="952" ind1=" " ind2=" ">
    <subfield code="0">0</subfield>
    <subfield code="1">0</subfield>
    <subfield code="2">ddc</subfield>
    <subfield code="4">0</subfield>
    <subfield code="7">0</subfield>
    <subfield code="a">LV</subfield>
    <subfield code="b">LV</subfield>
    <subfield code="c">Eventos y Bienales</subfield>
    <subfield code="d">2019-02-21</subfield>
    <subfield code="l">0</subfield>
    <subfield code="o">708.009 EZ99m</subfield>
    <subfield code="p">002150</subfield>
    <subfield code="r">2019-02-21 00:00:00</subfield>
    <subfield code="w">2019-02-21</subfield>
    <subfield code="y">01</subfield>
  </datafield>
</record>
